00339nam a22001217a 4500008004100000040001800041041000800059100002000067245004000087260005300127300001800180650001900198130821s1932 enk gr eng  aCo-BoUCMbspa00aeng aBridges, Victor00aThe king comes backcVictor Bridges aLondres (Inglaterra)bHodder and Stoughtonc1932 a316 páginas04aNovela inglesa